000
00194 a2200097 4500
001
2838
100
_a
Browning, R
245
_a
Poetry & Prose
260
_a
_b
Clarendon
_c
090
_c
2133
_d
2133
942
_a
NUST-CAE
_c
M
_c
12592
999
_c
237911
_d
237911